A telefon

Bibliographic Details
Main Author: Sebők, Éva, 1927- (Author)
Other Authors: Balázsy, Géza, 1959- (Illustrator)
Format: Article
Language:Hungarian
Slovak
PhysicalDescription:Obr.
Subjects:

MARC

LEADER 00000nab a2200000 a 4500
001 vtls000826198
003 SK-MaSNL
005 20260305044637.0
008 160314c2003 xo 0 hun
015 |a SNBRB2003/02-06002 
035 |a CLN000177853 
040 |a SNKBUCL  |b slo  |c SNKBUCL  |e AACR2 
041 0 |a slo 
044 |a xo  |c SK 
080 |a 894.511-3(087.5)=945.11  |2 UDC-MRF-SK2 
100 1 |a Sebők, Éva,  |d 1927-  |4 aut  |9 116207 
245 1 0 |a A telefon  |c Sebők va ; illusztrálta Balázsy Géza 
300 |b Obr. 
650 0 7 |a autorské rozprávky, maďarské  |2 snkbucl  |9 71245 
700 1 |a Balázsy, Géza,  |d 1959-  |4 ill  |9 88598 
773 0 |t Tücsök  |g Roč. 13, č. 5 (2003), s. 25 
850 |a Slovenská národná knižnica v Martine 
852 |a SNK  |b KIS3GCP 
958 |a HU 
958 |a LX 
958 |a DB 
958 |a RBX 
999 |c 3359751  |d 3361681